| 000 | 01111nam a22003257a 4500 | ||
|---|---|---|---|
| 001 | BR7902521 | ||
| 003 | BR-BrBNA | ||
| 005 | 20230928090013.0 | ||
| 007 | ta | ||
| 008 | 230509b bl.||||| |||| 00| 0 por d | ||
| 040 |
_aBR-BrBNA _bpor _cBiblioteca Nacional de Agricultura |
||
| 041 | _a(Por) | ||
| 072 |
_aF00; E15 _b1720 _b0210 _b1740 _b2320 _b1850 _b/G514 |
||
| 090 | _ 1720 BR7902521 | ||
| 110 | 1 | _aSubsecretaria de Planejamento e Orcamento, Brasilia, DF (Brasil) | |
| 245 | 1 |
_aAreas de concentracao da agricultura brasileira. Alho, batata, cebola, pimenta-do-reino, tomate [estatistica de producao, Allium sativum, Solanum tuberosum, Allium cepa, Capsicum sp, Lycopersicum esculentum] _bv. 4 |
|
| 260 | 3 |
_aBrasilia, DF (Brasil): _c[nd]. |
|
| 300 | _avp. | ||
| 500 | _aNumerical data; Published 1978?; [ca. 441]p. | ||
| 650 | _aALHO | ||
| 650 | _aBATATA | ||
| 650 | _aTOMATE | ||
| 650 | _aCEBOLA | ||
| 650 | _aPIMENTA DO REINO | ||
| 650 | _aZONEAMENTO AGRICOLA | ||
| 650 | _aESTATISTICA DE PRODUCAO | ||
| 650 | _aCALENDARIO AGRICOLA | ||
| 909 |
_a202309 _bLucia _c55 _dLucia Elande |
||
| 942 | _cBK | ||
| 999 |
_c27391 _d27391 |
||